Dünya bir inkılâp bekliyor/ (Record no. 49251)
| 000 -BAŞLIK | |
|---|---|
| Sabit Uzunluktaki Kontrol Alanı | 01309nam a22004217a 4500 |
| 001 - KONTROL NUMARASI | |
| Control Dosyası | 0049413 |
| 003 - KONTROL NUMARASI KİMLİĞİ | |
| Kontrol Alanı | KOHA_MİRAKIL |
| 005 - EN SON İŞLEM TARİHİ ve ZAMANI | |
| Kontrol Alanı | 20260207003651.0 |
| 007 - FİZİKSEL TANIM SABİT ALAN - GENEL BİLGİ | |
| Sabit uzunluklu kontrol alanı | ta |
| 008 - SABİT UZUNLUKTAKİ VERİ ÖGELERİ - GENEL BİLGİ | |
| Sabit Alan | 150629b2014 tu |||gr||||#||||0|tur | |
| 020 ## - ISBN - ULUSLARARASI STANDART KİTAP NUMARASI | |
| Isbn | 9758180177 |
| 040 ## - KATALOGLAMA KAYNAĞI | |
| Özgün Kataloglama Kurumu | TR-BiSEU |
| Kataloglama Dili | tur |
| Çeviri Kurumu | TR-BiSEU |
| Açıklama Kuralları | rda |
| 041 0# - DİL KODU | |
| Metin ya da ses kaydının dil kodu | tur |
| 044 ## - YAYINLAYAN/ÜRETEN KURULUŞUN ÜLKE KODU | |
| ISO country code | tu |
| 050 ## - SINIFLAMA ve YER NUMARASI | |
| Sınıflama Numarası | HN656.5.A8 |
| Yer Numarası | K57 2014 |
| 100 1# - KİŞİ ADI | |
| Yazar Adı (Kişi adı) | Kısakürek, Necip Fazıl. |
| 245 1# - ESER ADI BİLDİRİMİ | |
| Başlık | Dünya bir inkılâp bekliyor/ |
| Sorumluluk Bildirimi | Necip Fazıl Kısakürek ; Necip Fazıl Kısakürek. |
| 250 ## - BASIM BİLDİRİMİ | |
| Basım Bildirimi | 12. Basım |
| 264 #1 - ÜRERİM, YAYIN, DAĞITIM ve TELİF BİLDİRİMİ | |
| Yayın yeri | İstanbul : |
| Yayınlayan | Büyük Doğu Yayınları |
| Yayın tarihi | 2014 |
| 300 ## - FİZİKSEL TANIMLAMA | |
| Sayfa, Cilt vb. | v. ; |
| Boyutları | 20 cm. |
| 336 ## - İÇERİK TÜRÜ | |
| Content type term | metin |
| Content type code | txt |
| Source | rdacontent |
| 337 ## - MEDYA TÜRÜ | |
| Media type term | aracısız |
| Media type code | n |
| Source | rdamedia |
| 338 ## - TAŞIYICI TÜRÜ | |
| Carrier type term | cilt |
| Carrier type code | nc |
| Source | rdacarrier |
| 490 1# - DİZİ BİLDİRİMİ | |
| Dizi Bildirimi | b.d. |
| 490 1# - DİZİ BİLDİRİMİ | |
| Dizi Bildirimi | yayınları ; |
| Cilt Numarası | 55. |
| 490 1# - DİZİ BİLDİRİMİ | |
| Dizi Bildirimi | Konferans/Eser ; |
| Cilt Numarası | 37-40. |
| 490 1# - DİZİ BİLDİRİMİ | |
| Dizi Bildirimi | Bütün Eserleri ; |
| Cilt Numarası | 29-32 |
| 500 ## - GENEL NOT | |
| Genel Not | "Bütün eserleri 29-32" Kapak'ta. |
| 650 #0 - KONU BAŞLIĞI EK GİRİŞ - KONU TERİMİ | |
| Konusal terim veya coğrafi ad | Turkey--Social conditions. |
| 9 (RLIN) | 5453 |
| 650 #0 - KONU BAŞLIĞI EK GİRİŞ - KONU TERİMİ | |
| Konusal terim veya coğrafi ad | Social change--Turkey. |
| 9 (RLIN) | 10776 |
| 650 #0 - KONU BAŞLIĞI EK GİRİŞ - KONU TERİMİ | |
| Konusal terim veya coğrafi ad | Turkey--Politics and government. |
| 9 (RLIN) | 7156 |
| 650 #0 - KONU BAŞLIĞI EK GİRİŞ - KONU TERİMİ | |
| Konusal terim veya coğrafi ad | Islamic philosophy. |
| 9 (RLIN) | 23248 |
| 830 1# - SERİ EK GİRİŞİ - TEKBİÇİM ESER ADI | |
| Tekbiçim Başlık | b.d. |
| 9 (RLIN) | 46356 |
| 830 1# - SERİ EK GİRİŞİ - TEKBİÇİM ESER ADI | |
| Tekbiçim Başlık | yayınları ; |
| Volume number/sequential designation | 55. |
| 9 (RLIN) | 8349 |
| 830 1# - SERİ EK GİRİŞİ - TEKBİÇİM ESER ADI | |
| Tekbiçim Başlık | Konferans/Eser ; |
| Volume number/sequential designation | 37-40. |
| 9 (RLIN) | 90907 |
| 830 1# - SERİ EK GİRİŞİ - TEKBİÇİM ESER ADI | |
| Tekbiçim Başlık | Bütün Eserleri ; |
| Volume number/sequential designation | 29-32 |
| 9 (RLIN) | 90898 |
| 942 ## - EK GİRİŞ ÖGELERİ (KOHA) | |
| Source of classification or shelving scheme | Library of Congress Classification |
| Koha item type | Book |
| Materyal Türü | Kalıcı Konum | Mevcut Konum | Raf Yeri | Sınıflandırma Kaynağı | Edinim Bilgisi | Ana Konular | Alt Konular | Yer Numarası | Demirbaş Numarası | Fatura Tarihi | Maliyet, Alış Fiyatı | Maliyet, Yenileme Fiyatı | Geri Çekilme Durumu | Kayıp Durumu | Hasarlı Durumu | Kredi için değil | Kayıt Tarih | Toplam Ödünçverme | Son Görülme Tarihi | Son Kontrol Tarihi | Satın Alma Notu |
|---|---|---|---|---|---|---|---|---|---|---|---|---|---|---|---|---|---|---|---|---|---|
| Book | Prof. Dr. Azmi Özcan Kütüphanesi | Prof. Dr. Azmi Özcan Kütüphanesi | Uluğbey Salonu | Library of Congress Classification | Satın | SOSYAL BİLİMLER | Sosyal Tarih ve Koşullar, Sosyal Problemler, Sosyal Reform | HN656.5.A8 K57 2014 | 0049413 | 07/07/2015 | 6.20 | 6.20 | 29/06/2015 | 4 | 05/12/2024 | 05/12/2024 | B-984687 - B-984797 |
